Golpe de estado en Guatemala:
Salvato in:
| Natura: | testo |
|---|---|
| Soggetti: | |
| Tags: |
Aggiungi Tag
Nessun Tag, puoi essere il primo ad aggiungerne!!
|
MARC
| LEADER | 00000 a a2200000 04500 | ||
|---|---|---|---|
| 001 | 41247 | ||
| 003 | |||
| 040 | |||
| 245 | |a Golpe de estado en Guatemala: |e lementos de interpretación | ||
| 650 | |a GOLPES DE ESTADO | ||
| 650 | |a GUATEMALA | ||
| 650 | |a HEGEMONIA | ||
| 773 | |g Vol 6 número16 ( , 1982) páginas: 243-245 | ||
| 999 | |c 30994 |d 30994 | ||
